| 000 | 00860nam a22002177a 4500 | ||
|---|---|---|---|
| 005 | 20240530121626.0 | ||
| 008 | 220504b ||||| |||| 00| 0 eng d | ||
| 040 | _cAloy | ||
| 041 | _aKonkani/Kannada | ||
| 082 |
_223 _a891.464 _bQUAP |
||
| 100 |
_aQUADROS (Valley) _9168621 |
||
| 100 |
_aವಲ್ಲಿ ಕ್ವಾಡ್ರಸ್ _9168622 |
||
| 245 |
_aPoddsad: Vaicharik sampadakiya lekhanam _b ಪಡ್ ಸಾದ್: ವೈಚಾರಿಕ್ ಸಂಪಾದಕೀಯ್ ಲೇಖನಾಂ |
||
| 260 |
_aGhansoli _bAshawadi Prakashan _c2022 |
||
| 300 |
_a121p. _bPB _c21x13cm |
||
| 365 |
_2Konkani _a- _b120.00 _c₹ _d150.00 _e20% _f24-04-2022 |
||
| 650 |
_aKonkani Prose: ಕೊಂಕಣಿ ಗದ್ಯ _933099 |
||
| 650 |
_aKonkani Literature: ಕೊಂಕಣಿ ಸಾಹಿತ್ಯ _933100 |
||
| 700 |
_aKVADRAS (Valli) _933101 |
||
| 942 |
_2ddc _cBK |
||
| 999 |
_c222761 _d222761 |
||